Effectif Etats-Unis - Coupe du monde 2026 - Statistiques

Statistiques générales
  • Ce quiz a été pris 11 fois
  • Le résultat moyen est 16 sur 27
Statistiques - réponses
Poste Club Numéro Joueur % Correct
Attaquant AC Milan 10 Christian Pulisic
100%
Attaquant AS Monaco 20 Folarin Balogun
100%
Milieu Juventus Turin 8 Weston McKennie
100%
Défenseur FC Fulham 5 Antonee Robinson
91%
Défenseur FC Cincinnati 12 Miles Robinson
91%
Attaquant Olympique de Marseille 21 Timothy Weah
91%
Gardien New England Revolution 1 Matt Turner
82%
Attaquant PSV Eindhoven 9 Ricardo Pepi
82%
Milieu Leeds United 11 Brenden Aaronson
73%
Défenseur Crystal Palace 3 Chris Richards
73%
Milieu Bayer 04 Leverkusen 17 Malik Tillman
73%
Milieu AFC Bournemouth 4 Tyler Adams
73%
Milieu Borussia Mönchengladbach 7 Giovanni Reyna
64%
Défenseur Toulouse FC 22 Mark McKenzie
64%
Défenseur PSV Eindhoven 2 Sergiño Dest
64%
Sélectionneur - - Mauricio Pochettino
55%
Défenseur Villarreal CF 16 Alex Freeman
45%
Milieu Seattle Sounders FC 15 Cristian Roldán
45%
Défenseur Borussia Mönchengladbach 23 Joe Scally
45%
Défenseur Charlotte FC 13 Tim Ream
45%
Attaquant Coventry City 19 Haji Wright
36%
Défenseur Celtic Glasgow 6 Auston Trusty
27%
Attaquant CF América 26 Alejandro Zendejas
18%
Gardien Chicago Fire FC 25 Chris Brady
18%
Gardien New York City FC 24 Matt Freese
18%
Défenseur Columbus Crew 18 Max Arfsten
9%
Milieu Vancouver Whitecaps FC 14 Sebastian Berhalter
9%
Aucun quiz correspondant
Distribution des résultats
% des personnes avec chaque résultat
Percentile par nombre de réponses
Votre historique - résultats
Vous n’avez pas pris ce quiz